| 000 | 00545nam a2200157 a 4500 | ||
|---|---|---|---|
| 001 | 000033721 | ||
| 005 | 20200930070453.0 | ||
| 008 | 110907s1891 fr c 000 0 spa d | ||
| 040 |
_aDO-SdBNP _bspa _cBNPHU |
||
| 082 |
_axxx _bM843, 1891 |
||
| 100 | 1 |
_aMoreno del Christo, Gabriel B. _959165 |
|
| 245 | 1 | 0 |
_aÁlbum del comendador Moreno del Christo / _cGabriel B. Moreno del Christo. |
| 250 | _a4 ed. mejorada, aumentada y adornada con finos grabados | ||
| 260 |
_aParís : _bImprenta de P. Mouillot, _c1891. |
||
| 300 |
_a263 p. : _bretr. ; _c23 cm. |
||
| 999 |
_c33212 _d33212 |
||